[Event "ESP-chT Regional U16"]
[Site "Gijon"]
[Date "2021.06.19"]
[Round "4.1"]
[White "Garrido Outon, Alex"]
[Black "Reyes Penas, Sebastian"]
[Result "1/2-1/2"]
[WhiteElo "2339"]
[BlackElo "2179"]
[PlyCount "62"]
[EventDate "2021.06.17"]
[EventType "team-swiss"]
[EventRounds "6"]
[EventCountry "ESP"]
[SourceTitle "EXT 2022"]
[Source "ChessBase"]
[SourceDate "2021.10.06"]
[SourceVersion "1"]
[SourceVersionDate "2021.10.06"]
[SourceQuality "1"]
[WhiteTeam "Andalucia U16"]
[BlackTeam "Madrid U16"]
[WhiteTeamCountry "ESP"]
[BlackTeamCountry "ESP"]

1. e4 c5 2. Nf3 a6 3. Nc3 e6 4. d4 cxd4 5. Nxd4 Qc7 6. Bd3 Nf6 7. f4 d6 8. Qf3 Nbd7 9. g4 h6 10. Rf1 Be7 11. Be3 g5 12. 0-0-0 gxf4 13. Bxf4 Ne5 14. Bxe5 dxe5 15. Nde2 Bd7 16. Ng3 0-0-0 17. Qe2 Be8 18. Kb1 Rg8 19. h3 Nd7 20. Rf3 Nc5 21. Nh5 Rg6 22. Qf1 Bg5 23. Be2 Rd4 24. Bd3 Qd8 25. Qg1 Qb6 26. a3 Kb8 27. Qf2 Qc7 28. Qf1 Qd8 29. Qg1 Qc7 30. Qf1 Qd8 31. Qg1 Qc7 1/2-1/2

[Event "ESP-chT Regional U16"]
[Site "Gijon"]
[Date "2021.06.19"]
[Round "5.1"]
[White "Reyes Penas, Sebastian"]
[Black "Aguado Doncel, Pablo Luis"]
[Result "1/2-1/2"]
[WhiteElo "2179"]
[BlackElo "2099"]
[PlyCount "124"]
[EventDate "2021.06.17"]
[EventType "team-swiss"]
[EventRounds "6"]
[EventCountry "ESP"]
[SourceTitle "EXT 2022"]
[Source "ChessBase"]
[SourceDate "2021.10.06"]
[SourceVersion "1"]
[SourceVersionDate "2021.10.06"]
[SourceQuality "1"]
[WhiteTeam "Madrid U16"]
[BlackTeam "Baleares U16"]
[WhiteTeamCountry "ESP"]
[BlackTeamCountry "ESP"]

1. e4 e5 2. Nf3 Nf6 3. Nxe5 d6 4. Nd3 Nxe4 5. Qe2 Qe7 6. Nf4 Nf6 7. d4 Qxe2+ 8. Bxe2 d5 9. h4 Bd6 10. Nc3 c6 11. Bd3 0-0 12. f3 h5 13. Kf2 Re8 14. Bd2 Nbd7 15. Rae1 Rxe1 16. Rxe1 Nf8 17. Nce2 Bd7 18. Ng3 g6 19. b3 Re8 20. Rxe8 Nxe8 21. a4 Be7 22. Nge2 Bxh4+ 23. g3 Bf6 24. Bb4 Ng7 25. Ng2 Bf5 26. Ne1 Nfe6 27. c3 b6 28. Bxf5 Nxf5 29. Nd3 Be7 30. Bxe7 Nxe7 31. Nef4 Nxf4 32. Nxf4 Nf5 33. Nd3 f6 34. Nb4 Ne7 35. Nc2 Kf7 36. b4 Nc8 37. Ne1 Nd6 38. Nd3 g5 39. Ke2 Ke6 40. a5 Nb5 41. Kd2 Kf5 42. axb6 axb6 43. Nf2 h4 44. gxh4 gxh4 45. Nh3 Nc7 46. Ke3 Ne6 47. Nf2 Nf4 48. Ng4 Ng2+ 49. Kf2 h3 50. Kg3 Nf4 51. Ne3+ Kg5 52. Kh2 Ne2 53. b5 cxb5 54. Nxd5 b4 55. cxb4 Kh4 56. Nxf6 Nxd4 57. f4 b5 58. Ne4 Nf3+ 59. Kh1 Kg4 60. Nc3 Nd4 61. Kh2 Nf3+ 62. Kh1 Nd4 1/2-1/2

[Event "Madrid-ch U16"]
[Site "Madrid"]
[Date "2021.04.23"]
[Round "3"]
[White "Reyes Penas, Sebastian"]
[Black "Serrano Ruiz, Lope"]
[Result "1-0"]
[WhiteElo "2211"]
[BlackElo "2004"]
[PlyCount "87"]
[EventDate "2021.04.17"]
[EventType "swiss"]
[EventRounds "5"]
[EventCountry "ESP"]
[SourceTitle "EXT 2023"]
[Source "ChessBase"]
[SourceDate "2022.10.05"]
[SourceVersion "1"]
[SourceVersionDate "2022.10.05"]
[SourceQuality "1"]

1. Nf3 Nc6 2. g3 e5 3. d3 d5 4. Bg2 f6 5. 0-0 Be6 6. c3 Qd7 7. b4 0-0-0 8. Qa4 g5 9. b5 Nb8 10. Qxa7 Bh3 11. c4 Bxg2 12. Kxg2 dxc4 13. dxc4 Qg4 14. Nbd2 Bb4 15. e4 h5 16. Rb1 Bxd2 17. Nxd2 h4 18. h3 Qe2 19. Qe3 Qxe3 20. fxe3 hxg3 21. c5 Nd7 22. Nb3 Rh4 23. c6 Nb6 24. cxb7+ Kxb7 25. Nc5+ Kc8 26. a4 Nd7 27. Ba3 Nxc5 28. Bxc5 Rxe4 29. a5 Rd2+ 30. Kxg3 Rc2 31. Rfc1 Rec4 32. Rxc2 Rxc2 33. Bf8 Rc3 34. Kg4 Rxe3 35. a6 Kb8 36. Rd1 Kc8 37. Kf5 Re2 38. Ke6 Rb2 39. Rd5 c6 40. bxc6 Ra2 41. Bd6 Ne7 42. Kxe7 Rxa6 43. Rb5 Rxc6 44. Rb8# 1-0

[Event "Madrid-chT 2021"]
[Site "Madrid"]
[Date "2021.02.28"]
[Round "2.4"]
[White "Rubio Mejia, Luis Ignacio"]
[Black "Reyes Penas, Sebastian"]
[Result "1/2-1/2"]
[WhiteElo "2400"]
[BlackElo "2201"]
[PlyCount "61"]
[EventDate "2021.01.23"]
[EventType "team-tourn"]
[EventRounds "14"]
[EventCountry "ESP"]
[SourceTitle "EXT 2022"]
[Source "ChessBase"]
[SourceDate "2021.10.06"]
[SourceVersion "1"]
[SourceVersionDate "2021.10.06"]
[SourceQuality "1"]
[WhiteTeam "Virgen de Atocha"]
[BlackTeam "San Sebastian de los Reyes"]
[WhiteTeamCountry "ESP"]
[BlackTeamCountry "ESP"]

1. d4 Nf6 2. c4 e6 3. Nf3 Bb4+ 4. Bd2 a5 5. g3 b6 6. Bg2 Bb7 7. 0-0 0-0 8. Bf4 Be7 9. Nc3 Re8 10. Qc2 Bb4 11. Nb5 Na6 12. a3 Bf8 13. Rad1 d6 14. Nc3 Qc8 15. e4 c5 16. d5 e5 17. Bg5 Be7 18. Qe2 Qd8 19. Bc1 Nc7 20. a4 Na6 21. Kh1 Nb4 22. Ng1 Bf8 23. Bh3 g6 24. f3 Bg7 25. Qg2 Qe7 26. Rfe1 Ba6 27. b3 Nh5 28. Bg4 Nf6 29. Bh3 Nh5 30. Bg4 Nf6 31. Bh3 1/2-1/2

[Event "Madrid-chT 1819"]
[Site "Madrid"]
[Date "2019.03.10"]
[Round "13.2"]
[White "Pulvett Marin, Daniel Eduardo"]
[Black "Reyes Penas, Sebastian"]
[Result "1-0"]
[WhiteElo "2464"]
[BlackElo "2209"]
[PlyCount "45"]
[EventDate "2018.11.17"]
[EventType "team-tourn"]
[EventRounds "14"]
[EventCountry "ESP"]
[SourceTitle "CBM 189 Extra"]
[Source "ChessBase"]
[SourceDate "2019.05.31"]
[SourceVersion "1"]
[SourceVersionDate "2019.05.31"]
[SourceQuality "1"]
[WhiteTeam "Villalba 64"]
[BlackTeam "San Sebastian de los Reyes"]
[WhiteTeamCountry "ESP"]
[BlackTeamCountry "ESP"]

1. d4 Nf6 2. c4 e6 3. Nc3 Bb4 4. g3 0-0 5. Bg2 d6 6. Nf3 Qe7 7. 0-0 Bxc3 8. bxc3 Nbd7 9. Re1 e5 10. e4 Re8 11. a4 b6 12. Nh4 Qe6 13. Nf5 Qxc4 14. Bf1 Qxc3 15. Ra3 Qc6 16. Bb5 Qb7 17. d5 Nc5 18. Bc6 Qb8 19. Bxe8 Nxe8 20. Ne7+ Kf8 21. Nc6 Qb7 22. Nd8 Qb8 23. Qh5 1-0

[Event "Madrid-chT 1819"]
[Site "Madrid"]
[Date "2019.02.17"]
[Round "10.4"]
[White "Reyes Penas, Sebastian"]
[Black "Bustos Bernardo, Samuel"]
[Result "1/2-1/2"]
[WhiteElo "2247"]
[BlackElo "2148"]
[PlyCount "120"]
[EventDate "2018.11.17"]
[EventType "team-tourn"]
[EventRounds "14"]
[EventCountry "ESP"]
[SourceTitle "CBM 189 Extra"]
[Source "ChessBase"]
[SourceDate "2019.05.31"]
[SourceVersion "1"]
[SourceVersionDate "2019.05.31"]
[SourceQuality "1"]
[WhiteTeam "San Sebastian de los Reyes"]
[BlackTeam "San Fernando de Henares"]
[WhiteTeamCountry "ESP"]
[BlackTeamCountry "ESP"]

1. e4 c5 2. Nf3 d6 3. d4 cxd4 4. Nxd4 Nf6 5. Nc3 a6 6. g3 e5 7. Nde2 b5 8. Bg2 Bb7 9. 0-0 Be7 10. h3 Nbd7 11. g4 b4 12. Nd5 Nxd5 13. exd5 0-0 14. Ng3 Re8 15. Be3 a5 16. a3 Ba6 17. Re1 Qb8 18. axb4 axb4 19. Qd2 Qb5 20. Red1 Rec8 21. b3 Nc5 22. Bxc5 Qxc5 23. Ra2 Bb7 24. Rda1 Rxa2 25. Rxa2 Ra8 26. Rxa8+ Bxa8 27. Qd3 g6 28. Qc4 Qa5 29. Ne2 Bb7 30. Qd3 Qa1+ 31. Kh2 Ba6 32. Qd2 Bd8 33. Nc1 Bb6 34. Qxb4 Bxf2 35. Qd2 Bd4 36. c4 Qb1 37. Ne2 Qxb3 38. Nxd4 exd4 39. Qxd4 Bxc4 40. Qf6 Bxd5 41. Qd8+ Kg7 42. g5 Qb2 43. Qf6+ Qxf6 44. gxf6+ Kxf6 45. Bxd5 Ke7 46. Kg3 f5 47. h4 Kf6 48. Kf4 h6 49. Bb3 g5+ 50. Kf3 Ke5 51. hxg5 hxg5 52. Bc2 d5 53. Bb1 f4 54. Bd3 g4+ 55. Kxg4 Kd4 56. Be2 Ke3 57. Bf3 d4 58. Bd1 d3 59. Bf3 d2 60. Bd1 Kf2 1/2-1/2

[Event "Madrid-chT 1819"]
[Site "Madrid"]
[Date "2019.01.19"]
[Round "6.2"]
[White "Reyes Penas, Sebastian"]
[Black "Ruperez Benito, Antonio"]
[Result "1/2-1/2"]
[WhiteElo "2197"]
[BlackElo "2350"]
[PlyCount "42"]
[EventDate "2018.11.17"]
[EventType "team-tourn"]
[EventRounds "14"]
[EventCountry "ESP"]
[SourceTitle "CBM 189 Extra"]
[Source "ChessBase"]
[SourceDate "2019.05.31"]
[SourceVersion "1"]
[SourceVersionDate "2019.05.31"]
[SourceQuality "1"]
[WhiteTeam "San Sebastian de los Reyes"]
[BlackTeam "Villalba 64"]
[WhiteTeamCountry "ESP"]
[BlackTeamCountry "ESP"]

1. e4 e6 2. d4 d5 3. Nc3 Bb4 4. Nge2 dxe4 5. a3 Bxc3+ 6. Nxc3 Nc6 7. d5 exd5 8. Qxd5 Be6 9. Qxe4 Nf6 10. Qa4 Qd4 11. Bb5 Qxa4 12. Bxa4 0-0-0 13. Bxc6 bxc6 14. 0-0 Bf5 15. Be3 Kb8 16. Rac1 Rhe8 17. h3 Nd5 18. Nxd5 cxd5 19. Rfd1 Re4 20. Rd4 Rd6 21. c4 dxc4 1/2-1/2

[Event "Madrid-chT 1819"]
[Site "Madrid"]
[Date "2019.01.13"]
[Round "5.4"]
[White "Garcia Dorado, Alberto"]
[Black "Reyes Penas, Sebastian"]
[Result "0-1"]
[WhiteElo "2235"]
[BlackElo "2197"]
[PlyCount "162"]
[EventDate "2018.11.17"]
[EventType "team-tourn"]
[EventRounds "14"]
[EventCountry "ESP"]
[SourceTitle "CBM 189 Extra"]
[Source "ChessBase"]
[SourceDate "2019.05.31"]
[SourceVersion "1"]
[SourceVersionDate "2019.05.31"]
[SourceQuality "1"]
[WhiteTeam "Alcorcon"]
[BlackTeam "San Sebastian de los Reyes"]
[WhiteTeamCountry "ESP"]
[BlackTeamCountry "ESP"]

1. d4 Nf6 2. c4 e6 3. g3 Bb4+ 4. Bd2 Qe7 5. Bg2 0-0 6. e4 Bxd2+ 7. Nxd2 d6 8. Ne2 e5 9. 0-0 a5 10. b3 Nc6 11. d5 Nb8 12. Nc1 c6 13. Nd3 Bd7 14. Re1 cxd5 15. cxd5 b5 16. Rc1 Na6 17. a3 Rfc8 18. b4 a4 19. Qe2 Qd8 20. h3 Rxc1 21. Rxc1 Rc8 22. Qd1 Qb6 23. Rxc8+ Bxc8 24. Qc1 Bd7 25. Qc3 Ne8 26. Nf1 Qc7 27. Qxc7 Naxc7 28. Ne3 Na8 29. Bf1 Kf8 30. Nb2 Nec7 31. Nbd1 Nb6 32. Nc3 g6 33. Bd3 Ke7 34. Kg2 Nc8 35. f4 f6 36. Kf3 Kf7 37. g4 Ne7 38. h4 Nc8 39. g5 Kg7 40. Ng4 Bxg4+ 41. Kxg4 Na7 42. f5 fxg5 43. Kxg5 h6+ 44. Kg4 Kf6 45. fxg6 Kxg6 46. h5+ Kf6 47. Be2 Kg7 48. Kf5 Kf7 49. Kg4 Kf6 50. Kh4 Kf7 51. Bg4 Na8 52. Bd7 Nc7 53. Kg4 Ke7 54. Bc6 Kf6 55. Kh4 Kf7 56. Kg3 Kg7 57. Kg4 Kf6 58. Bb7 Kg7 59. Kf5 Kf7 60. Nd1 Ne8 61. Nf2 Nf6 62. Ng4 Nxh5 63. Nxh6+ Ke7 64. Ng8+ Kd8 65. Ke6 Kc7 66. Bc6 Nf4+ 67. Kf5 Nxc6 68. dxc6 Ne2 69. Ke6 Nd4+ 70. Kd5 Ne2 71. Ke6 Nc3 72. Ne7 Nxe4 73. Nd5+ Kxc6 74. Ne7+ Kc7 75. Nd5+ Kb7 76. Kf5 Nd2 77. Ke6 Nc4 78. Kd7 e4 79. Nc3 e3 80. Ne2 Nxa3 81. Kxd6 Nc2 0-1

[Event "Collado Villalba op-A 35th"]
[Site "Collado Villalba"]
[Date "2018.08.29"]
[Round "6"]
[White "Martin Duque, Jesus"]
[Black "Reyes Penas, Sebastian"]
[Result "1-0"]
[WhiteElo "2378"]
[BlackElo "2103"]
[PlyCount "109"]
[EventDate "2018.08.24"]
[EventType "swiss"]
[EventRounds "9"]
[EventCountry "ESP"]
[SourceTitle "CBM 186 Extra"]
[Source "ChessBase"]
[SourceDate "2018.08.24"]
[SourceVersion "1"]
[SourceVersionDate "2018.08.24"]
[SourceQuality "1"]

1. e4 c5 2. Nf3 e6 3. d4 cxd4 4. Nxd4 a6 5. Bd3 Nf6 6. 0-0 Qc7 7. Qe2 d6 8. c4 g6 9. Nc3 Bg7 10. Rd1 0-0 11. Be3 Nbd7 12. Rac1 b6 13. f3 Bb7 14. Qd2 Rac8 15. Bf1 Rfd8 16. b4 Qb8 17. Na4 d5 18. exd5 exd5 19. c5 b5 20. Bf4 Qa7 21. Nb2 Nh5 22. Be3 Qa8 23. a4 bxa4 24. Nxa4 Re8 25. Bf2 Be5 26. g3 Ng7 27. Bh3 Ne6 28. Nxe6 fxe6 29. Re1 Rc6 30. Nb6 Nxb6 31. cxb6 Bf6 32. Rxc6 Bxc6 33. Rxe6 Rxe6 34. Bxe6+ Kg7 35. Qf4 Qb7 36. Qc7+ Be7 37. Bd4+ Kf8 38. Qf4+ Ke8 39. Qf7+ Kd8 40. Qg8+ Be8 41. Bf7 Qc6 42. Qxe8+ Qxe8 43. Bxe8 Kxe8 44. b7 Bd6 45. Ba7 Kd7 46. b8Q Bxb8 47. Bxb8 Kc6 48. Kf2 Kb5 49. Bd6 Kc4 50. Ke3 d4+ 51. Kd2 h5 52. Be7 Kd5 53. Kd3 Ke5 54. Bc5 Kf5 55. Bxd4 1-0

[Event "Collado Villalba op-A 35th"]
[Site "Collado Villalba"]
[Date "2018.08.28"]
[Round "5"]
[White "Valles Moreno, Ivan"]
[Black "Reyes Penas, Sebastian"]
[Result "1-0"]
[WhiteElo "2416"]
[BlackElo "2103"]
[PlyCount "61"]
[EventDate "2018.08.24"]
[EventType "swiss"]
[EventRounds "9"]
[EventCountry "ESP"]
[SourceTitle "CBM 186 Extra"]
[Source "ChessBase"]
[SourceDate "2018.08.24"]
[SourceVersion "1"]
[SourceVersionDate "2018.08.24"]
[SourceQuality "1"]

1. d4 Nf6 2. Nf3 e6 3. e3 c5 4. c4 b6 5. Bd3 Bb7 6. 0-0 Be7 7. Nc3 cxd4 8. exd4 d5 9. cxd5 Nxd5 10. Ne5 0-0 11. Qh5 Nf6 12. Qh4 g6 13. Bh6 Re8 14. Bb5 Nbd7 15. Bg5 Nh5 16. Bxe7 Rxe7 17. Rad1 Ndf6 18. Nc6 Bxc6 19. Bxc6 Rc8 20. d5 exd5 21. Bxd5 Nxd5 22. Nxd5 Rd7 23. Qd4 Qf8 24. g4 Rcd8 25. Qe4 Qc5 26. b4 Rxd5 27. bxc5 Rxd1 28. gxh5 Rxf1+ 29. Kxf1 bxc5 30. Qe7 Ra8 31. h6 1-0

[Event "Collado Villalba op-A 35th"]
[Site "Collado Villalba"]
[Date "2018.08.26"]
[Round "3"]
[White "Reyes Penas, Sebastian"]
[Black "Perez Gonzalez, Jose Manuel"]
[Result "1-0"]
[WhiteElo "2103"]
[BlackElo "2277"]
[PlyCount "141"]
[EventDate "2018.08.24"]
[EventType "swiss"]
[EventRounds "9"]
[EventCountry "ESP"]
[SourceTitle "CBM 186 Extra"]
[Source "ChessBase"]
[SourceDate "2018.08.24"]
[SourceVersion "1"]
[SourceVersionDate "2018.08.24"]
[SourceQuality "1"]

1. e4 c5 2. Nf3 d6 3. d4 cxd4 4. Nxd4 Nf6 5. Nc3 a6 6. g3 e5 7. Nde2 b5 8. Bg2 Nbd7 9. h3 Be7 10. 0-0 Nb6 11. g4 b4 12. Nd5 Nfxd5 13. exd5 f5 14. gxf5 Bxf5 15. f4 Rc8 16. fxe5 Bxc2 17. Qd4 Rc4 18. Qe3 dxe5 19. Qxe5 Qc7 20. Qe6 Bg6 21. Bf4 Qd7 22. Be3 Qxe6 23. dxe6 Bc5 24. Bxc5 Rxc5 25. Rac1 Rxc1 26. Rxc1 0-0 27. Rc6 Rb8 28. Nf4 Be8 29. Rc7 g5 30. Nd3 a5 31. Ne5 Rc8 32. Rb7 Nc4 33. Ng4 Bg6 34. Nf6+ Kh8 35. e7 Nd6 36. Rd7 Rc1+ 37. Kf2 Rc2+ 38. Kf3 Ne8 39. Nxe8 Bxe8 40. Rd8 Kg7 41. Rxe8 Kf7 42. Rh8 Kxe7 43. Rxh7+ Kf6 44. Rh6+ Ke5 45. Rh5 Kf6 46. Rh6+ Ke5 47. Rg6 Kf5 48. Ra6 Rxb2 49. Rxa5+ Kf6 50. Rb5 Rxa2 51. Rxb4 Kf5 52. Rb5+ Kf6 53. Kg3 Ra3+ 54. Bf3 Rc3 55. Rb6+ Kf5 56. Rb8 Ra3 57. Rf8+ Kg6 58. Kg2 Ra2+ 59. Kg3 Ra3 60. Kf2 Ra2+ 61. Be2 Ra3 62. Bf1 Ra2+ 63. Ke3 Ra3+ 64. Bd3+ Kg7 65. Rf5 Kh6 66. Ke4 Ra4+ 67. Ke5 Ra5+ 68. Kf6 Rxf5+ 69. Bxf5 Kh5 70. Kg7 Kh4 71. Kh6 1-0

[Event "Collado Villalba op-A 35th"]
[Site "Collado Villalba"]
[Date "2018.08.24"]
[Round "1"]
[White "Reyes Penas, Sebastian"]
[Black "Camacho Casado, Natalio"]
[Result "1-0"]
[WhiteElo "2103"]
[BlackElo "1836"]
[PlyCount "113"]
[EventDate "2018.08.24"]
[EventType "swiss"]
[EventRounds "9"]
[EventCountry "ESP"]
[SourceTitle "CBM 186 Extra"]
[Source "ChessBase"]
[SourceDate "2018.08.24"]
[SourceVersion "1"]
[SourceVersionDate "2018.08.24"]
[SourceQuality "1"]

1. e4 c5 2. Nf3 e6 3. d4 cxd4 4. Nxd4 a6 5. g3 d5 6. Nf3 Nf6 7. exd5 Qxd5 8. Qxd5 Nxd5 9. a3 b5 10. Bg2 Bb7 11. 0-0 Nc6 12. Nbd2 Be7 13. c4 bxc4 14. Nxc4 0-0 15. Re1 Rfd8 16. Bd2 Bf6 17. Bg5 Rac8 18. Bxf6 gxf6 19. Rac1 Rc7 20. b4 Kg7 21. h3 Rcd7 22. Nfd2 Rc7 23. Nb3 Bc8 24. Red1 Nce7 25. Nc5 Rc6 26. Na5 Rb6 27. Kh2 Kg6 28. Nc4 Rb8 29. f4 h6 30. Rd2 Bb7 31. Na5 Bc8 32. Rcd1 Rd6 33. g4 Rdb6 34. Nc4 Rc6 35. Kg3 h5 36. Be4+ Kh6 37. Kf3 Rb5 38. g5+ Kg7 39. gxf6+ Kxf6 40. Ne5 Rc7 41. Bd3 Rbxc5 42. bxc5 Rxc5 43. Rc2 Ra5 44. Nc4 Ra4 45. Kg3 a5 46. Nd6 Bd7 47. Ne4+ Kg7 48. Nc5 Ne3 49. Nxa4 Bxa4 50. Rdc1 Nxc2 51. Bxc2 Bc6 52. Bd3 a4 53. Rc5 Bd5 54. Bc2 Bb3 55. Bxb3 axb3 56. Rb5 Nf5+ 57. Kf2 1-0

[Event "Madrid-ch U14"]
[Site "Madrid"]
[Date "2018.04.21"]
[Round "5"]
[White "Ingunza Curro, Andres"]
[Black "Reyes Penas, Sebastian"]
[Result "0-1"]
[WhiteElo "1972"]
[BlackElo "2082"]
[PlyCount "100"]
[EventDate "2018.04.14"]
[EventType "swiss"]
[EventRounds "6"]
[EventCountry "ESP"]
[SourceTitle "EXT 2019"]
[Source "ChessBase"]
[SourceDate "2018.10.10"]
[SourceVersion "1"]
[SourceVersionDate "2018.10.10"]
[SourceQuality "1"]

1. e4 c5 2. Nf3 e6 3. d4 cxd4 4. Nxd4 a6 5. Bd3 Nf6 6. 0-0 Qc7 7. Qe2 d6 8. c4 g6 9. Nc3 Bg7 10. Nf3 Nc6 11. Rd1 0-0 12. Bf4 Nd7 13. Rac1 Nde5 14. Nxe5 dxe5 15. Be3 Nd4 16. Bxd4 exd4 17. Nb1 e5 18. c5 Be6 19. Bc4 Bxc4 20. Qxc4 Rac8 21. Na3 Qa5 22. Rd3 b5 23. Qc2 Bh6 24. Rcd1 b4 25. Nc4 Rxc5 26. b3 Qc7 27. Rh3 Bg5 28. Rf3 Qe7 29. g3 h5 30. h4 Bh6 31. Re1 Rfc8 32. Qd3 a5 33. Nb6 R8c6 34. Nd5 Qd8 35. Kg2 Kg7 36. Rd1 Rxd5 37. exd5 Qxd5 38. Re1 f5 39. Qe2 e4 40. Kh2 d3 41. Qb2+ Rc3 42. Rfe3 Bxe3 43. Rxe3 Kf7 44. Re1 Qc5 45. Kh1 Qc6 46. Re3 Rc1+ 47. Kg2 Qc3 48. Qxc3 bxc3 49. f3 d2 50. fxe4 d1Q 0-1